Com quantos trouxas se faz uma guerra (Record no. 44200)

MARC details
000 -LÍDER
campo de controle de tamanho fixo 00418 a2200169 4500
001 - NÚMERO DE CONTROLE
campo de controle 44200
020 ## - ISBN - INTERNATIONAL STANDARD BOOK NUMBER
ISBN - International Standard Book Number 9788573195835
040 ## - FONTE DA CATALOGAÇÃO
Instituição que transcreveu o registro Anchieta - Aquarius
100 ## - ENTRADA PRINCIPAL--NOME PESSOAL
Nome pessoal Assis, Joana dÁrc Tôrres de
240 10 - TÍTULO UNIFORME
Título uniforme Com quantos trouxas se faz uma guerra
Idioma da obra por
245 10 - TÍTULO
Título Com quantos trouxas se faz uma guerra
300 ## - DESCRIÇÃO FÍSICA
Extensão 40
362 0# - DATAS DE PUBLICAÇÃO E/OU DESIGNAÇÃO SEQUENCIAL
Datas de publicação e/ou designação sequencial 2008
440 #1 - DECLARAÇÃO DE SÉRIE/ENTRADA ADICIONADA--TÍTULO
Título Dimensão
650 #4 - ASSUNTO--TERMO TÓPICO
Cabeçalho tópico ou nome geográfico Literatura juvenil
942 ## - ELEMENTOS DE ENTRADA ADICIONADOS (KOHA)
Tipo de material Koha Livros
Holdings
Situação do descarte Situação das perdas Situação física Não pode ser emprestado Biblioteca de origem Biblioteca atual Data de aquisição Total de empréstimos Número de chamada completo Código de barras Data de último acesso Data do preço efetivo Tipo de material Koha
        Colégio Anchieta - Aquarius Colégio Anchieta - Aquarius 21/11/2023   LJ 028.5 ASS COM 184/AQU 21/11/2023 21/11/2023 Livros